000 00472nam a22001937a 4500
003 MPLRDC
005 20220104144436.0
008 210129b ||||| |||| 00| 0 eng d
020 _a7-5321-0146-0
082 _a982.527 WML
100 _a魏明伦
245 _a苦吟成戏
_c
250 _a初版
260 _a
_b上海文艺出版社
_c1989
300 _b
490 _a文艺探索书系
650 _a中国戏剧--地方戏剧
942 _cBK
_o982.527 WML
999 _c49643
_d49633